Protestas, descontento y democracia en América Latina /
La autora se adentra en el análisis de cómo las protestas sociales han emergido como una forma crucial de expresión de las demandas ciudadanas y como una herramienta vital para la participación política en la región. En definitiva, el artículo de María Victoria Murillo resalta la relevancia de enten...
Guardado en:
| Autor principal: | |
|---|---|
| Formato: | Libro |
| Lenguaje: | Spanish |
| Materias: | |
| Etiquetas: |
Agregar Etiqueta
Sin Etiquetas, Sea el primero en etiquetar este registro!
|
MARC
| LEADER | 00000nam a22000007a 4500 | ||
|---|---|---|---|
| 003 | cru IIS | ||
| 005 | 20230829130457.0 | ||
| 007 | ta | ||
| 008 | 220502s2021 ag |||p|r|||| 00| 0 spa d | ||
| 040 | |c cru IIS | ||
| 100 | 1 | |9 7274 |a Murillo, María Victoria |e Autora | |
| 245 | 1 | |a Protestas, descontento y democracia en América Latina / |c María Victoria Murillo | |
| 300 | |a páginas 4-13 | ||
| 520 | |a La autora se adentra en el análisis de cómo las protestas sociales han emergido como una forma crucial de expresión de las demandas ciudadanas y como una herramienta vital para la participación política en la región. En definitiva, el artículo de María Victoria Murillo resalta la relevancia de entender las protestas y el descontento como componentes intrínsecos de la dinámica democrática en América Latina. Proporciona un análisis exhaustivo de cómo estas manifestaciones impactan en la participación política, en la calidad de la democracia y en la formulación de políticas públicas en la región, presentando un llamado a la reflexión sobre cómo pueden ser gestionadas de manera productiva y efectiva.RAR | ||
| 650 | 0 | |2 OCDE |9 83 |a DEMOCRACIA | |
| 650 | 4 | |2 OCDE |9 3207 |a PARTICIPACION POLITICA | |
| 650 | 0 | |2 OCDE |9 1538 |a TOMA DE DECISIONES | |
| 650 | 0 | |2 OCDE |9 2091 |a SOCIEDAD CIVIL | |
| 650 | 0 | |2 OCDE |9 3 |a MOVIMIENTOS SOCIALES | |
| 650 | 0 | |2 OCDE |9 3841 |a DERECHOS CIVILES | |
| 773 | 0 | |0 19022 |9 7038 |a Fundación Friedrich Ebert |d Fundación Friedrich Ebert; Nueva Sociedad Buenos Aires, Argentina |o 22549 |t Nueva Sociedad / | |
| 942 | |2 ddc |c PP | ||
| 999 | |c 44203 |d 44203 | ||
